000 00961nam a22002775b 4500
001 bimo0000460710
003 OSt
005 20140825213002.0
008 951201m19951997sp | ||| ||spa
020 _a84-7914-172-7
035 _a(OCoLC)431299085
040 _aSpMaBN
_cBMC
082 _a873.3/.4
245 0 0 _aLírica latina medieval
_cintroducción, edición, traducción y notas por Manuel A. Marcos Casquero y José Oroz Reta
250 _aEd. bilingüe
260 0 _aMadrid
_bBiblioteca de Autores Cristianos
_c1995-1997
300 _a2 v.
_c20 cm
490 1 _aBiblioteca de Autores Cristianos
_v548, 580
500 _aEd. bilingüe: latín y español
504 _aBibliografía p. [XIII]-XX
505 1 _aContiene: Vol I. Poesía profana - Vol II. Poesía religiosa
650 2 4 _92522
_aPoesías latinas medievales y modernas
700 _aOroz Reta, José
_92524
700 _92523
_aMarcos Casquero, Manuel Antonio
942 _2ddc
_cBK
999 _c1558
_d1558